<?xml version="1.0" encoding="UTF-8"?>
<record
    xmlns:xsi="http://www.w3.org/2001/XMLSchema-instance"
    xsi:schemaLocation="http://www.loc.gov/MARC21/slim http://www.loc.gov/standards/marcxml/schema/MARC21slim.xsd"
    xmlns="http://www.loc.gov/MARC21/slim">

  <leader>03992nam a2200433Ii 4500</leader>
  <controlfield tag="001">DIGUDROS0917</controlfield>
  <controlfield tag="003">NyNyDIG</controlfield>
  <controlfield tag="006">m     o  d        </controlfield>
  <controlfield tag="007">cr |||||||||||</controlfield>
  <controlfield tag="008">130401s2012    ck      ob    000 0 spa d</controlfield>
  <datafield tag="020" ind1=" " ind2=" ">
    <subfield code="z">9789587382464</subfield>
  </datafield>
  <datafield tag="020" ind1=" " ind2=" ">
    <subfield code="z">9587382463</subfield>
  </datafield>
  <datafield tag="035" ind1=" " ind2=" ">
    <subfield code="a">(OCoLC)859160472</subfield>
  </datafield>
  <datafield tag="040" ind1=" " ind2=" ">
    <subfield code="a">DGITA</subfield>
    <subfield code="b">eng</subfield>
    <subfield code="e">pn</subfield>
    <subfield code="c">DGITA</subfield>
  </datafield>
  <datafield tag="043" ind1=" " ind2=" ">
    <subfield code="a">s-ck---</subfield>
  </datafield>
  <datafield tag="050" ind1="1" ind2="4">
    <subfield code="a">KHH1570 eBook</subfield>
  </datafield>
  <datafield tag="245" ind1="0" ind2="0">
    <subfield code="a">Propiedad intelectual :</subfield>
    <subfield code="b">reflexiones /</subfield>
    <subfield code="c">Ricardo Metke M&#xE9;ndez, Edgar Iv&#xE1;n Le&#xF3;n Robayo, Eduardo Varela Pezzano, coordinadores acad&#xE9;micos ; [autores, Francisco Bernate Ochoa ... et al.].</subfield>
  </datafield>
  <datafield tag="250" ind1=" " ind2=" ">
    <subfield code="a">1. ed.</subfield>
  </datafield>
  <datafield tag="264" ind1=" " ind2="1">
    <subfield code="a">Bogot&#xE1;, D.C. :</subfield>
    <subfield code="b">Editorial Universidad del Rosario :</subfield>
    <subfield code="b">Universidad Colegio Mayor de Nuestra Se&#xF1;ora del Rosario, Facultad de Jurisprudencia,</subfield>
    <subfield code="c">2012.</subfield>
  </datafield>
  <datafield tag="300" ind1=" " ind2=" ">
    <subfield code="a">1 online resource (506 pages)</subfield>
  </datafield>
  <datafield tag="336" ind1=" " ind2=" ">
    <subfield code="a">text</subfield>
    <subfield code="b">txt</subfield>
    <subfield code="2">rdacontent</subfield>
  </datafield>
  <datafield tag="337" ind1=" " ind2=" ">
    <subfield code="a">computer</subfield>
    <subfield code="b">c</subfield>
    <subfield code="2">rdamedia</subfield>
  </datafield>
  <datafield tag="338" ind1=" " ind2=" ">
    <subfield code="a">online resource</subfield>
    <subfield code="b">cr</subfield>
    <subfield code="2">rdacarrier</subfield>
  </datafield>
  <datafield tag="490" ind1="1" ind2=" ">
    <subfield code="a">Colecci&#xF3;n Textos de jurisprudencia.</subfield>
  </datafield>
  <datafield tag="504" ind1=" " ind2=" ">
    <subfield code="a">Includes bibliographical references.</subfield>
  </datafield>
  <datafield tag="505" ind1="0" ind2=" ">
    <subfield code="a">Presentaci&#xF3;n / Alejandro Venegas Franco -- Propiedad intelectual / Andreas Heinemann -- Las reivindicaciones  en las patentes  de invenci&#xF3;n: su concepto, importancia y caracter&#xED;sticas principales / fos&#xE9; Luis Reyes Villamizar -- Anatom&#xED;a del Protocolo de Madrid / Eduardo Vare/a Pezzano -- El contrato de licencia de uso de marca / Pedro Alfonso Labariega Villanueva -- Eficacia de los acuerdos de coexistencia de marcas en Colombia / Yira L&#xF3;pez Castro -- Los problemas  biotecnol&#xF3;gicos del derecho  de la propiedad intelectual / David Vaver -- Conocimiento tradicional, recursos gen&#xE9;ticos y propiedad  intelectual. El debate entre patentes, acceso y distribuci&#xF3;n de beneficios / Carlos Alberto Parra Beltr&#xE1;n -- Aproximaci&#xF3;n a los riesgos y mecanismos de tutela de las nuevas obtenciones vegetales / Carlos Castro Cuenca -- Infracciones  marcar&#xED;as en los motores de b&#xFA;squeda de Internet / &#xC9;dgar Iv&#xE1;n Le&#xF3;n Robayc, Eduardo Vare/a Pezzano -- Eventos y eximentes  de responsabilidad de los proveedores  de servicios de Internet ante las infracciones  a los derechos de propiedad  intelectual  realizadas por sus suscriptores / Wilson Rafael R&#xED;os Ruiz -- Contratos de transferencia de tecnolog&#xED;a. Transacciones  sobre activos intangibles, el licenciamiento de programas  de c&#xF3;mputo / Erick Rinc&#xF3;n C&#xE1;rdenas -- Ley aplicable, libertad  contractual y abuso del derecho  en el contrato de licencia de software desde la experiencia  norteamericana / Camilo Rodr&#xED;guez Yong -- &#xBF;Cabe la adopci&#xF3;n  de medidas cautelares previstas en la Decisi&#xF3;n  486 para la protecci&#xF3;n  de derechos de propiedad  industrial ante tribunales de arbitramento nacionales? / Maree! Tangarifo Torres -- La protecci&#xF3;n  penal del derecho de autor / Francisco Bernate Ochoa -- Perspectivas econ&#xF3;micas / Ana Mar&#xED;a  P&#xE9;rez G&#xF3;mez T&#xE9;trel -- Los pa&#xED;ses en desarrollo, la Ronda de Doha y el Acuerdo  sobre los Aspectos  de los Derechos de Propiedad  Intelectual relacionados con el Comercio / Tatiana O&#xF1;ate Acosta -- Propiedad  intelectual estatal / Carlos Ariel S&#xE1;nchez Torres, Francisco Ternera Barrios -- Tributaci&#xF3;n internacional de los derechos  de propiedad intelectual / Esperanza Buitrago D&#xED;az -- Las invenciones y el trabajador  dependiente / Luis Adolfo Diazgranados Quimbaya -- La propiedad intelectual en el contrato laboral / Adriana Camacho Ram&#xED;rez.</subfield>
  </datafield>
  <datafield tag="650" ind1=" " ind2="0">
    <subfield code="a">Intellectual property</subfield>
    <subfield code="z">Colombia.</subfield>
  </datafield>
  <datafield tag="655" ind1=" " ind2="0">
    <subfield code="a">Electronic books.</subfield>
  </datafield>
  <datafield tag="700" ind1="1" ind2=" ">
    <subfield code="a">Metke, Ricardo.</subfield>
  </datafield>
  <datafield tag="700" ind1="1" ind2=" ">
    <subfield code="a">Le&#xF3;n Robayo, Edgar Iv&#xE1;n.</subfield>
  </datafield>
  <datafield tag="700" ind1="1" ind2=" ">
    <subfield code="a">Varela Pezzano, Eduardo.</subfield>
  </datafield>
  <datafield tag="700" ind1="1" ind2=" ">
    <subfield code="a">Bernate Ochoa, Francisco.</subfield>
  </datafield>
  <datafield tag="791" ind1="2" ind2=" ">
    <subfield code="a">Digitalia (Firm),</subfield>
    <subfield code="e">distributor.</subfield>
  </datafield>
  <datafield tag="830" ind1=" " ind2="0">
    <subfield code="a">Colecci&#xF3;n Textos de jurisprudencia.</subfield>
  </datafield>
  <datafield tag="793" ind1="0" ind2=" ">
    <subfield code="g">Digitalia eBook Collection:</subfield>
    <subfield code="a">Universidad del Rosario.</subfield>
  </datafield>
  <datafield tag="856" ind1="4" ind2="0">
    <subfield code="3">Digitalia Hisp&#xE1;nica</subfield>
    <subfield code="u">https://www.digitaliapublishing.com/a/18996/</subfield>
  </datafield>
  <datafield tag="910" ind1=" " ind2=" ">
    <subfield code="a">Premium Collection: 2007-2012</subfield>
  </datafield>
  <datafield tag="942" ind1=" " ind2=" ">
    <subfield code="c">RAA</subfield>
  </datafield>
  <datafield tag="952" ind1=" " ind2=" ">
    <subfield code="0">0</subfield>
    <subfield code="1">0</subfield>
    <subfield code="4">0</subfield>
    <subfield code="7">0</subfield>
    <subfield code="8">DEH</subfield>
    <subfield code="a">BD-UIN</subfield>
    <subfield code="b">BD-UIN</subfield>
    <subfield code="d">2025-04-25</subfield>
    <subfield code="l">0</subfield>
    <subfield code="r">2025-04-25</subfield>
    <subfield code="w">2025-04-25</subfield>
    <subfield code="y">RAA</subfield>
  </datafield>
  <datafield tag="999" ind1=" " ind2=" ">
    <subfield code="c">236219</subfield>
    <subfield code="d">236219</subfield>
  </datafield>
</record>
